Coopesilencio: quince años esperando la buena cosecha

Se da a conocer la lucha de los campesinos de Coopesilencio por tierras para sembrar, y la ayuda que obtuvieron de las organizaciones sindicales, la Alianza de Mujeres y los colegiales de Quepos lo cual presiono al Instituto de Tierras y Colonización (ITCO), hoy Instituto de Desarrollo Agrario (IDA)...

Ausführliche Beschreibung

Gespeichert in:
Bibliographische Detailangaben
Format: Text
Schlagworte:
Tags: Tag hinzufügen
Keine Tags, Fügen Sie den ersten Tag hinzu!

MARC

LEADER 00000 a a2200000 04500
001 1727
003
040
245 |a Coopesilencio:   |b quince años esperando la buena cosecha  
520 |a Se da a conocer la lucha de los campesinos de Coopesilencio por tierras para sembrar, y la ayuda que obtuvieron de las organizaciones sindicales, la Alianza de Mujeres y los colegiales de Quepos lo cual presiono al Instituto de Tierras y Colonización (ITCO), hoy Instituto de Desarrollo Agrario (IDA), y lo obligó a negociar con los cooperativistas. Coopesilencio en la actualidad tiene sembradas 200 hectáreas de palma africana, 51 has. de cacao, 150 has. de arroz, 50 has. de maíz y 300 cabezas de ganado. Por lo demás, esta cooperativa ha sido favorecida con la ayuda técnica de profesionales de la Universidad Nacional y del Instituto Nacional de Aprendizaje. OB/eb  
650 |a POLITICA AGRARIA  
650 |a POBLACION AGRICOLA  
650 |a COOPERATIVAS AGRICOLAS  
650 |a INSTITUTO DE DESARROLLO AGRARIO, CR  
650 |a SINDICALISMO  
650 |a UNIVERSIDAD NACIONAL, CR  
650 |a INSTITUTO NACIONAL DE APRENDIZAJE, CR  
773 |g número 43; páginas 15-16  
999 |c 37424  |d 37424